[Event "London CSC Weekend U2050 op 10th"]
[Site "London"]
[Date "2018.12.16"]
[Round "5"]
[White "Palani, Narendhranath"]
[Black "Ridge, Benjamin"]
[Result "1-0"]
[WhiteElo "1693"]
[BlackElo "1611"]
[PlyCount "79"]
[EventDate "2018.12.14"]
[EventType "swiss"]
[EventRounds "5"]
[EventCountry "ENG"]
[SourceTitle "EXT 2020"]
[Source "ChessBase"]
[SourceDate "2019.10.17"]
[SourceVersion "1"]
[SourceVersionDate "2019.10.17"]
[SourceQuality "1"]

1. d4 e6 2. c4 f5 3. Nc3 Nf6 4. Nf3 Bb4 5. g3 0-0 6. Bg2 d6 7. 0-0 Bxc3 8. bxc3 Qe8 9. Ba3 Nbd7 10. Qc2 e5 11. c5 e4 12. Nh4 dxc5 13. Nxf5 Qh5 14. Ne7+ Kh8 15. dxc5 Nxc5 16. Nxc8 Raxc8 17. Bxc5 Qxc5 18. Bxe4 Nxe4 19. Qxe4 b6 20. Qd4 Qh5 21. e4 Rf6 22. Rad1 Rd6 23. Qa4 Rh6 24. h4 Qg4 25. Qd7 Qxd7 26. Rxd7 Rc6 27. Rfd1 h6 28. R1d3 Re8 29. f3 Rc5 30. Kf2 Ra5 31. Rd2 Rc5 32. Rc2 b5 33. Ke3 b4 34. Kd3 Rf8 35. f4 g5 36. hxg5 hxg5 37. f5 Re8 38. Rh2+ Kg8 39. cxb4 Rce5 40. f6 1-0